Emisiones postales dominicanas (1865-1965) / (Registro nro. 14844)

Detalles MARC
000 -LEADER
fixed length control field 00768nam a2200229 a 4500
001 - CONTROL NUMBER
control field 000007046
003 - CONTROL NUMBER IDENTIFIER
control field DO-SdBPM
005 - DATE AND TIME OF LATEST TRANSACTION
control field 20241101133051.0
008 - FIXED-LENGTH DATA ELEMENTS--GENERAL INFORMATION
fixed length control field 090904s1999 dr ab r 000 0 spa d
020 ## - INTERNATIONAL STANDARD BOOK NUMBER
International Standard Book Number 8489953147
040 ## - CATALOGING SOURCE
Original cataloging agency DO-SdBPM
Language of cataloging spa
Transcribing agency BPMSU
082 #4 - DEWEY DECIMAL CLASSIFICATION NUMBER
Classification number 769.567293
Item number M948e 1999
Edition number 22
100 1# - MAIN ENTRY--PERSONAL NAME
Personal name Mueses, Danilo A.,
Dates associated with a name 1934-
245 10 - TITLE STATEMENT
Title Emisiones postales dominicanas (1865-1965) /
Statement of responsibility, etc. Danilo A. Mueses.
260 ## - PUBLICATION, DISTRIBUTION, ETC. (IMPRINT)
Place of publication, distribution, etc. Santo Domingo :
Name of publisher, distributor, etc. Banco Central de la República Dominicana,
Date of publication, distribution, etc. 1999.
300 ## - PHYSICAL DESCRIPTION
Extent 334 p. :
Other physical details il., map. ;
Dimensions 28 cm.
504 ## - BIBLIOGRAPHY, ETC. NOTE
Bibliography, etc Bibliografía : p. 331-334
590 ## - LOCAL NOTE (RLIN)
Local note Inventariado, 2024/VM
650 #4 - SUBJECT ADDED ENTRY--TOPICAL TERM
Topical term or geographic name as entry element Sellos postales
Geographic subdivision República Dominicana
General subdivision Historia
Chronological subdivision 1865-1965
910 ## - USER-OPTION DATA (OCLC)
User-option data VMateo V. Control de calidad. BPMSU
942 ## - ADDED ENTRY ELEMENTS (KOHA)
Source of classification or shelving scheme Dewey Decimal Classification
Koha item type Libros
Existencias
Withdrawn status Lost status Source of classification or shelving scheme Damaged status Not for loan Collection code Home library Current library Date acquired Total Checkouts Full call number Barcode Date last seen Price effective from Koha item type
    Dewey Decimal Classification     Colección Dominicana Biblioteca Pública Metropolitana Salomé Ureña Biblioteca Pública Metropolitana Salomé Ureña 11/01/2024   BPMSU CD 769.567293 M948e 1999 BPMSU24110004 11/01/2024 11/01/2024 Libros